000 00659cab a2200229 4500
001 ABS56801
008 090401t1997 xxu||||| |||| 00| 0 eng d
035 _a(Sirsi) u77740
041 _aeng
100 _aHuxtable, J.
245 _aStudying the form
260 _c1997
350 _a0
490 _aBuilding Procurement
_vMarch 1997, 6-7(2)
520 _aReviews Haden Young`s form of subcontract, outlining the potentially hazardous clauses.
650 _aCONTRACT CONDITIONS
650 _aHADEN YOUNG FORM OF SUBCONTRACT
650 _aSUBCONTRACTS
690 _aBUILT ENVIRONMENT-BUILDING CONTRACT FORMS
942 _n0
948 _c16/04/1997
999 _c48865
_d48865